000 00659nam a22002057a 4500
999 _c2980
_d2980
003 AR-CdUCM
008 190305b ||||| |||| 00| 0 spa d
040 _aMUNICIPALIDAD PROVINCIAL DEL CUSCO
_cBIBLIOTECA MUNICIPAL DEL CUSCO
082 _a869.3303 /
_bG25
100 _aGarcia Huidobro, Andres
_910174
245 _aEl experimento /
260 _aChile :
_bImpresiones en Calderón y cía,
_c1982.
300 _a177 paginas ;
_c17 cm.
505 _aContenido :Capítulos del primero al décimo.
650 _aCiencias científicas
_910175
650 _aCiencias naturales
_910176
650 _aQuímica pura
_910177
942 _2ddc
_cLIBROS
945 _arum